书目信息 |
| 题名: |
张厚粲《现代心理与教育统计学》(第4版)笔记和课后习题(含考研真题)详解
|
|
| 作者: | ;圣才考研网 主编 | |
| 分册: | ||
| 出版信息: | 北京 中国石化出版社 2017 |
|
| 页数: | 274页 | |
| 开本: | 26cm | |
| 丛书名: | ||
| 单 册: | ||
| 中图分类: | B841.2 , G40-051 | |
| 科图分类: | ||
| 主题词: | 心理统计--研究生--入学考试--自学参考资料 , 教育统计--研究生--入学考试--自学参考资料 | |
| 电子资源: | ||
| ISBN: | 978-7-5114-4469-1 | |
| 000 | 01158nam0 2200253 450 | |
| 001 | 1345 | |
| 005 | 20180522110207.23 | |
| 010 | @a978-7-5114-4469-1@dCNY52.00 | |
| 100 | @a20171018d2017 em y0chiy50 ea | |
| 101 | 0 | @achi |
| 102 | @aCN@b110000 | |
| 105 | @ay z 000yy | |
| 200 | 1 | @a张厚粲《现代心理与教育统计学》(第4版)笔记和课后习题(含考研真题)详解@9zhang hou can《xian dai xin li yu jiao yu tong ji xue》(di 4 ban)bi ji he ke hou xi ti(han kao yan zhen ti)xiang jie@f圣才考研网主编 |
| 210 | @a北京@c中国石化出版社@d2017 | |
| 215 | @a274页@d26cm | |
| 300 | @a国内外经典教材辅导系列·心理类 | |
| 330 | @a本书共分14章,每章由三部分组成:第一部分为复习笔记,总结本章的重难点内容;第二部分是课后习题详解,对该教材的课后习题进行了详细的解答;第三部分为考研真题和强化习题详解,精选部分参考价值较高的考研真题(含全国统考和高校自主命题),及该学科相关经典习题,并一一提供详细解答。 | |
| 606 | 0 | @a心理统计@x研究生@x入学考试@j自学参考资料 |
| 606 | 0 | @a教育统计@x研究生@x入学考试@j自学参考资料 |
| 690 | @aB841.2@v5 | |
| 690 | @aG40-051@v5 | |
| 711 | 02 | @a圣才考研网@9sheng cai kao yan wang@4主编 |
| 801 | 0 | @aCN@b91MARC@c20171018 |
| 905 | @aMuseLib@dB841.2@e2183 | |
| 张厚粲《现代心理与教育统计学》(第4版)笔记和课后习题(含考研真题)详解/圣才考研网主编.-北京:中国石化出版社,2017 |
| 274页;26cm |
| 国内外经典教材辅导系列·心理类 |
| ISBN 978-7-5114-4469-1:CNY52.00 |
| 本书共分14章,每章由三部分组成:第一部分为复习笔记,总结本章的重难点内容;第二部分是课后习题详解,对该教材的课后习题进行了详细的解答;第三部分为考研真题和强化习题详解,精选部分参考价值较高的考研真题(含全国统考和高校自主命题),及该学科相关经典习题,并一一提供详细解答。 |
| ● |
| 相关链接 |
|
|
|
|
正题名:张厚粲《现代心理与教育统计学》(第4版)笔记和课后习题(含考研真题)详解
索取号:B841.2/2183
 
预约/预借
| 序号 | 登录号 | 条形码 | 馆藏地/架位号 | 状态 | 备注 |
| 1 | 1103970 | 211039703 | 第一样本阅览室/ [索取号:B841.2/2183] | 在馆 | |
| 2 | 1103971 | 211039712 | 教育系资料室/ [索取号:B841.2/2183] | 在馆 | |
| 3 | 1103972 | 211039721 | 教育系资料室/ [索取号:B841.2/2183] | 在馆 | |
| 4 | 1103973 | 211039730 | 教育系资料室/ [索取号:B841.2/2183] | 在馆 | |
| 5 | 1103974 | 211039749 | 第一借阅区/ [索取号:B841.2/2183] | 在馆 | |
| 6 | 1103975 | 211039758 | 第一借阅区/ [索取号:B841.2/2183] | 在馆 |